Quizzes
Events
Quiz Creation
Community
Videos
Private Events
Remove Ads
Sign In
Join for FREE
Feedback
Dark Mode
Quiz Categories
Sports
Geography
Music
Movies
Television
Just For Fun
Miscellaneous
History
Literature
Language
Science
Gaming
Entertainment
Religion
Holiday
For Kids
Quiz Lab
Recent
Popular Today
Quiz Kudos Today
Editor Picks
Curator Picks
Quizzes by...
Day
Popularity
Type
Ratings
Length
Year
Community
Subscriptions
Recent Discussions
Orange Saloon
Badges
Playlists
Quests
Create
Leaderboards
Showdown
Live 5
Trivia Bingo
Activity
Puzzle Library
Sporcle Events
Private Events
Virtual Trivia
Globe League
Become a Host
Pub Owners
SporcleCon
Opinionation
Our Games
Videos
Blog
Mobile Apps
Partnerships
Remove Ads and Go Orange
Feedback
Geography
Country
Landmarks
City
State
Population
World
Capital
Continent
Flags
Europe
Africa
Asia
South America
North America
Oceania
Border
Canada
United Kingdom
Topography
United States
Geography
Country
Landmarks
City
State
Population
World
Capital
Continent
Flags
Europe
Africa
Asia
South America
North America
Oceania
Border
Canada
United Kingdom
Topography
United States
Random Quiz
Search Sporcle
×
Quiz Lab
Quiz Lab
Geography
Capital
Type in answers that appear in a list
Type in answers that appear in a list
Classic
Best Score? Go Orange.
Slightly Unusual Capitals Stats
Can you name the capitals that are not located on a major river, seashore, or navigable lake?
By
Edelweiss
9m
67 Questions
327 Plays
327 Plays
327 Plays
Comments
Comments
Give Quiz Kudos
Give Quiz Kudos
-
- Ratings
hide this ad
More Info
Replay
Link that replays current quiz
Next Quiz
Link to next quiz in quiz playlist
You Got
0%
They Got
Avg Score
50%
Avg Friend Score
Upgrade to see
Score Distribution
Jump to the score distribution portion of the page
Score
0/67
Timer
09:00
0
Plays Today
Capital
% Correct
Brasilia
76.8%
Mexico City
68.5%
Canberra
68.2%
La Paz
67.6%
Tehran
66.1%
Madrid
64.2%
Riyadh
63.9%
Vaduz
63.6%
Astana
63%
Pretoria
62.7%
Kabul
62.4%
Beijing
61.8%
Bogota
61.2%
Ankara
60.2%
San Marino
60.2%
Tashkent
59.9%
Bishkek
59.3%
Quito
58.1%
Minsk
58.1%
New Delhi
57.2%
Ulan Bator
57.2%
Islamabad
56.9%
Kathmandu
56.6%
Sana'a
56%
Amman
55.7%
Damascus
55.7%
Yerevan
55.7%
Addis Ababa
54.4%
Jerusalem
54.1%
Andorra la Vella
52.9%
Harare
52.6%
Santiago
52%
Kigali
51.7%
Vilnius
51.7%
Capital
% Correct
Abuja
50.5%
Nairobi
50.5%
Sofia
50.2%
Pristina
49.8%
Thimphu
49.2%
Luxembourg
48.6%
Vatican City
47.7%
Lusaka
47.1%
Skopje
46.2%
Bucharest
45.9%
Sarajevo
45.3%
San Jose
45%
Maseru
44.3%
Gaborone
43.4%
Dodoma
43.1%
Guatemala City
43.1%
Ashgabat
42.5%
Chisinau
42.5%
Asmara
41%
Belmopan
41%
Ljubljana
40.7%
Mbabane
40.4%
San Salvador
40.1%
Tegucigalpa
40.1%
Windhoek
38.8%
Ouagadougou
37.9%
Tirana
35.2%
Yaounde
31.8%
Antananarivo
31.5%
Lilongwe
31.2%
Nicosia
29.4%
Ramallah
27.7%
Naypyidaw
27.5%
Quiz Playlist
Details
Report
Send in Message
Add To Playlist
More Info:
Many capitals (and major cities in general) are located on a navigable waterway. Can you name the capitals of sovereign countries that are not?
Classic:
Type in answers that appear in a list
Quiz Source
Last Updated: Feb 16, 2017
Quiz Scoreboard
CHALLENGE
Sign Up to Join the Scoreboard
Show All
Scores
Hide
Comments
May contain spoilers
Recently Published
9x9 Crossword: Cartoon Network
by jackfrog10
Miscellaneous
3m
College Basketball Coaching Resumes
by pancakes188
Sports
9m
Billboard Blitz: Fleetwood Mac
by CooCooCachoo
Music
15s
More to Explore
Quiz From the Vault
Featured Blog Post
Where Did the Easter Bunny Come From?
hide this ad
You Might Also Like...
Tags
Capital Quiz
Bay
location
ocean
River
sea
unusual
Water
Water Bodies
Today's Top Quizzes in Geography
Browse Geography
hide this ad
Today's Top Quizzes in Capital
Browse Capital
Top Contributed Quizzes in Geography
1
Countries of the World - No Outlines Minefield
2
Top 25 Cities of France on a map
3
Any capital of a 'B' country per Continent
4
Any capital of a 'C' country per Continent
5
Closest Countries to UK A-Z
6
Any capital of a 'D' country per Continent
7
5-to-1: US Geography No Hints
8
Any capital of an 'E' country per Continent
9
Any capital of an 'F' country per Continent
10
One Thing in Common: United Kingdom
Explore More
Trending Topics
Crossword
Marvel
Harry Potter
Anime
Disney
Kpop
NBA
WWE
NFL
Pokémon
The Office
Soccer
Song
Country
Puzzle
hide this ad
More By:
Edelweiss
Quiz
Plays
Rating
Category
Featured
Created
Borders of Germany (1871-)
92,862
4.59
History
Sep 17, 2011
Evolution of Countries
80,949
4.67
History
Sep 26, 2011
Around the Coast of the World
73,163
4.69
Geography
Oct 19, 2012
Borders of Russia (1861-)
72,606
4.48
History
Oct 9, 2011
Every Olympic Bid Since 1896
55,019
4.64
History
Mar 26, 2012
Go to Creator's Profile
Score Distribution
Quiz Creator Spotlight
Edelweiss
Follow
Send a Message
Quizzes Created
-
Created Quiz Play Count
-
More By This Creator
Popular Quizzes Today
1
Find the US States - No Outlines Minefield
2
Find the Countries of Europe - No Outlines Minefield
3
The Countries of the World
4
Find the US States
5
Risky Map Clicking: Biggest States A-Z
6
US States
7
Popular People in 1961
8
Movies - When Are They Set?
More Geography Quizzes
USA States: Common 3-letter Combos (RGI/SOU)
Quiz Lab
Trending Quizzes
Risky Map Clicking: Least Populous States A-Z
1-10 Letter G Words
1-10 Letter F Words
Risky Map Clicking: Next State Alphabetically
Adjectives in 80s TV Shows
Recently Updated
Leaping Animals
pecheneg
Reality TV Shows (A-Z)
bhenderson79
Rickey Henderson's Hall of Fame Teammates
pecheneg
Champions League XIs: Arsenal
pecheneg
Quick Pick: Celebrities in WWE's Hall of Fame
aduchscher
A-Z Keypad Blitz II
pecheneg
Multiple Oscar Actors
pecheneg
Mystery Phrase Blitz: Oscar 'Best Actors'
pecheneg
F. Scott Fitzgerald Novels
LTH
Pick 3 Villains
ddd62291
Trending Topics
Marvel
Disney
Crossword
Kpop
Harry Potter
NBA
Anime
Country
Pokémon
WWE
The Office
Song
Puzzle
NFL
Soccer
Your Account Isn't Verified!
In order to create a playlist on Sporcle, you need to verify the email address you used during registration. Go to your
Sporcle Settings
to finish the process.
Report this User
Report this user for behavior that violates our
Community Guidelines
.
Details:
Send Report
Go to the Sporcle.com Mobile Site →
Comments